Т. 86, № 1; Инженерно-физический журнал

Detalles Bibliográficos
Parent link:Инженерно-физический журнал=Journal of Engineering Physics and Thermophysics: научный журнал/ Национальная академия наук Беларуси (НАНБ, НАН Беларуси), Институт тепло- и массообмена им. А. В. Лыкова (ИТМО). Т. 86, № 1.— , 1958-
Idioma:ruso
Publicado: 2013
Formato: Libro
KOHA link:https://koha.lib.tpu.ru/cgi-bin/koha/opac-detail.pl?biblionumber=500170

MARC

LEADER 00000nam2a2200000 4500
001 500170
005 20231101101838.0
035 |a (RuTPU)RU\TPU\prd\170186 
090 |a 500170 
100 |a 20130311a19589999k y0rusy50 ca 
101 0 |a rus 
102 |a BY 
200 0 |a Т. 86, № 1 
210 |d 2013 
461 1 |0 (RuTPU)RU\TPU\prd\1514  |t Инженерно-физический журнал  |l Journal of Engineering Physics and Thermophysics  |o научный журнал  |f Национальная академия наук Беларуси (НАНБ, НАН Беларуси), Институт тепло- и массообмена им. А. В. Лыкова (ИТМО)  |v Т. 86, № 1  |d 1958- 
801 0 |a RU  |b 63413507  |c 20010227  |g PSBO 
801 1 |a RU  |b 63413507  |c 20130311 
801 2 |a RU  |b 63413507  |c 20230504  |g RCR 
942 |c BK 
999 |a НТБ_ТПУ  |b НФ  |e -1/20130109  |p П-6347  |s 5/20121010  |u 0,00  |v 1